| 000 | 01470nab a2200229 i 4500 | ||
|---|---|---|---|
| 001 | 768714001 | ||
| 003 | CO-MdFUSB | ||
| 005 | 20240609112412.0 | ||
| 008 | 240604t1977 ag ||||| |||| 00| 0 spa d | ||
| 040 |
_bspa _cCO-MdFUSB _dCO-MdFUSB |
||
| 041 | _aspa | ||
| 100 |
_aPerkins, John, _d1945- _eautor |
||
| 245 | 3 |
_aLa gloria de Dios en la sociedad _c/ John Perkins |
|
| 520 | _aNarra la experiencia de vida de John Perkins, quien en 1957, Dios comenzó a llamarlo a predicar Su gloria en la sociedad. Ese fue el año de su conversión. Este expresa los siguiente " Lo que necesitamos es un cambio creado por Jesucristo en nuestra conducta institucional, un cambio similar al que puede ocurrir a nivel personal. Cuando nos comprometemos con una redistribución justa en términos de la creación de una nueva economía en comunidades marginadas, entonces podemos ver cómo Jesús se da a sí mismo por medio nuestro. El Cuerpo de Cristo se convierte en un modelo corporativo por medio del cual podemos vivir una alternativa creadora que rompa los ciclos de la riqueza y la pobreza que oprimen a la gente." | ||
| 650 | 0 |
_aBiografías cristianas _91238 |
|
| 650 | 7 |
_aFe _9531 |
|
| 650 | 0 |
_aEvangelización _9362 |
|
| 650 | 0 |
_aVida cristiana _919 |
|
| 773 | 0 |
_069974 _982718 _dBuenos Aires _oR2610 _tCerteza _w(CO-MdFUSB)768714001 _gNúmero 67, (abril- junio, 1977) páginas: 70 - 73 _qpágina: 70 |
|
| 942 | _cANA | ||
| 945 | _aCatherine Arias Álvarez - Practicante SENA | ||
| 999 |
_c70053 _d70053 |
||